01781nam a2200433 i 450000100060000000300080000600500170001400600190003100700150005000800410006502000180010602000280012403500220015204000310017405000230020508000150022808200200024310000350026324501600029826400420045830000580050033600310055833700330058933800430062249000340066550400290069958800830072859001620081165000350097365000420100865000590105065100420110965500270115170000360117879700180121483000350123285600630126799900170133027968FINmELB20241216220025.0m o u cr cn|||||||||220324s2011 ck a ob 000 0 spa d z9789586709040 a9789587957204q(e-book) a(OCoLC)1311929368 aFINmELBbspaerdacFINmELB14aP92.C58bA283 2011 a659.3(862)04a302.23098612231 aAguilera Toro, Camilo,eautor.10aLuchas de representación :bprácticas, procesos y sentidos audiovisuales colectivos en el suroccidente colombiano /cCamilo Aguilera y Gerylee Polanco. 1aCali :bUniversidad del Valle,c2011. a1 recurso en línea (329 páginas) :bilustraciones atextobtxt2rdacontent/spa acomputadorabc2rdamedia/spa arecurso en líneabcr2rdacarrier/spa1 aColección ciencias sociales aContiene bibliografía. aDescripción basada en metadatos suministrados por el editor y otras fuentes. aRecurso electrónico. Santa Fe, Arg.: elibro, 2022. Disponible vía World Wide Web. El acceso puede estar limitado para las bibliotecas afiliadas a elibro. 0aMass mediazColombiaxHistory. 0aAudio-visual communicationzColombia. 4aMedios de comunicación de masaszColombiaxHistoria. 4aComunicación audiovisualzColombia. 4aLibros electrónicos.1 aPolanco Uribe, Gerylee,eautor.2 aelibro, Corp. 0aColección ciencias sociales.40uhttps://elibro.net/ereader/politecnicointernacional/131579 c27968d27968